The Urgent need for energy conservation in rubber sector (Record no. 71111)

MARC details
000 -LEADER
fixed length control field 00296nam a2200109Ia 4500
100 ## - MAIN ENTRY--AUTHOR NAME
Personal name Reji Kumar R.
245 #4 - TITLE STATEMENT
Title The Urgent need for energy conservation in rubber sector
260 ## - PUBLICATION, DISTRIBUTION, ETC. (IMPRINT)
Name of publisher Rubber Board Bulletin
Year of publication 2009
300 ## - PHYSICAL DESCRIPTION
Number of Pages 19-24
942 ## - ADDED ENTRY ELEMENTS (KOHA)
Koha item type Journals
Holdings
Withdrawn status Lost status Damaged status Not for loan Home library Current library Date acquired Serial Enumeration / chronology Koha item type
      Journals RRII Library RRII Library 02/02/2010 Volume 29, Issue 4 Journals